00340nam a2200133Ia 4500008004100000041000800041082000800049100001800057245005000075260004600125300000700171542001500178650001300193220531s9999 xx 000 0 und d aeng bRED aReddy, Santha aConstitutional Legal Rights Of Women In India bVivekanand kendra Maratha prakashanc1995 a20 d08-09-2000 aGeneral